| 000 | 00462nam a22001577a 4500 | ||
|---|---|---|---|
| 003 | LRUA | ||
| 005 | 20231107202830.0 | ||
| 008 | 231107b xxu||||| |||| 00| 0 eng d | ||
| 040 | _cFAO | ||
| 082 | _2FAO SCH 2017 C011 Or. | ||
| 100 |
_916090 _aYIM CHHAY LY |
||
| 245 | _aSCHOOL GARDENING AND NUTRITION EDUCATION TRAINER'S MANUAL | ||
| 260 |
_aPhnom Penh _bFAO AND AGRICULIURE ORGANIZATION OF THE UNITED NATIONS _c2017 |
||
| 300 | _aXVII.223P | ||
| 942 |
_2ddc _cEK |
||
| 999 |
_c22144 _d22144 |
||